Jiří Balcar. Filmové plakáty malbou a koláží 1959-1967

Bibliographic Details
Main Authors: Primus, Zdeněk, 1952- (Author), Balcar, Jiří, 1929-1968 (Author)
Other Authors: Walsh Spacilova, Elizabeth (Translator)
Format: Book
Language:Czech
English
PhysicalDescription:111 s. ilustr. 23 cm
Published: [Praha] Kant 2016
ISBN:9788074372001
Subjects:

MARC

LEADER 00000cam a2200000 a 4500
001 vtls011569922
003 SK-MaSNL
005 20260426000427.0
008 240318s2016 xr a g cn 000 0dcze
020 |a 9788074372001  |q (brožované) 
040 |a SNK  |b slo  |c SNK  |e AACR2 
041 0 |a cze  |a eng 
043 |a e-xr--- 
044 |a xr  |c CZ 
072 7 |a 72/76  |x Výtvarné umenie  |2 konspekt 
080 |a 75(437.3)  |2 2011 
080 |a 73/77.02  |2 2011 
080 |a 7.036/.038  |2 2011 
080 |a (437.3)  |2 2011 
080 |a (083.824)  |2 2011 
100 1 |a Primus, Zdeněk,  |d 1952-  |4 aut  |9 98930 
245 1 0 |a Jiří Balcar. Filmové plakáty malbou a koláží 1959-1967  |c text: Zdeněk Primus, Jiří Balcar ; překlad Elizabeth Walsh Spacilova 
246 3 0 |a Filmové plakáty malbou a koláží 1959-1967 
246 3 1 |a Film posters with brush and scissors 1959-1967 
260 |a [Praha]  |b Kant  |c 2016 
300 |a 111 s.  |b ilustr.  |c 23 cm 
504 |a Bibliogr.: s. 108-111 
546 |a Súbež. názov, obsah a text angl. 
600 1 7 |a Balcar, Jiří,  |d 1929-1968  |2 SNKMA  |9 157375 
648 7 |a 1959-1967  |2 SNKPH  |9 557640 
648 7 |a 20. stor.  |2 SNKPH  |9 275975 
648 7 |a 20th century  |2 SNKPHeng  |9 277995 
650 0 7 |a české maliarstvo  |2 SNKPH  |9 3112 
650 0 7 |a Czech painting  |2 SNKPHeng  |9 303318 
650 0 7 |a koláže  |2 SNKPH  |9 3044 
650 0 7 |a Collages  |2 SNKPHeng  |9 368500 
650 0 7 |a moderné umenie  |2 SNKPH  |9 68456 
650 0 7 |a Modern art  |2 SNKPHeng  |9 294689 
651 7 |a Česko  |2 SNKPH  |9 16753 
651 7 |a Czechia  |2 SNKPHeng  |9 170107 
655 7 |a katalógy výstav  |2 SNKPH  |9 70445 
655 7 |a Exhibition catalogs  |2 SNKPHeng  |9 266232 
700 1 |a Walsh Spacilova, Elizabeth  |4 trl  |9 557641 
700 1 |a Balcar, Jiří,  |d 1929-1968  |4 aut  |9 157375 
919 |a 978-80-7437-200-1 
999 |c 855457  |d 857387 
952 |a SNK  |b SNK  |y VYP  |7 0  |p 17A1200773  |o snkIC 142728  |i snk2016/20417  |8 4  |g 12.88  |0 0  |1 0  |4 0  |d 2016-07-28  |l 0  |r 2026-02-24 04:55:02  |w 2026-02-24